[Event "ESP-ch U10"]
[Site "Salobrena"]
[Date "2023.07.07"]
[Round "8"]
[White "Nocigan, Lucas Madalin"]
[Black "Mayordomo Lopez, Ekaitz"]
[Result "1-0"]
[WhiteElo "1214"]
[BlackElo "1351"]
[PlyCount "145"]
[EventDate "2023.07.03"]
[EventType "swiss"]
[EventRounds "9"]
[EventCountry "ESP"]
[SourceTitle "EXT 2024"]
[Source "ChessBase"]
[SourceDate "2023.10.10"]
[SourceVersion "1"]
[SourceVersionDate "2023.10.10"]
[SourceQuality "1"]

1. e4 c5 2. d4 cxd4 3. c3 d3 4. Bxd3 g6 5. f4 Bg7 6. Be3 d6 7. Nf3 Nc6 8. 0-0 Nf6 9. Nbd2 0-0 10. h3 a6 11. Nb3 b5 12. Qd2 Bb7 13. Bf2 Rc8 14. Rfe1 Qc7 15. Rac1 Rfd8 16. Nbd4 Na5 17. Qe3 Nc4 18. Bxc4 Qxc4 19. b3 Qc7 20. Nd2 Qd7 21. Qd3 Rc7 22. Qe3 Rdc8 23. Rc2 a5 24. Rec1 b4 25. c4 a4 26. Nb5 Rc6 27. Na7 a3 28. Nxc8 Rxc8 29. Re1 Qc6 30. Qb6 Qxb6 31. Bxb6 d5 32. e5 Nh5 33. Rf1 Ng3 34. Rf2 e6 35. Ba5 Bf8 36. Bb6 Rc6 37. c5 Ba6 38. Kh2 Nf5 39. Nf3 d4 40. g4 Ne3 41. Nxd4 Rc8 42. Rc1 Nd5 43. Re1 Bxc5 44. Bxc5 Rxc5 45. Rc2 Rxc2+ 46. Nxc2 Nxf4 47. Nxb4 Bb5 48. Nc2 Nd3 49. Rd1 Nxe5 50. Rd8+ Kg7 51. Nxa3 f5 52. Nxb5 f4 53. Nd4 Kf6 54. a4 Nf7 55. Rc8 e5 56. Ne2 f3 57. Ng3 Ke7 58. Rc7+ Kd6 59. Rxf7 Kc6 60. Rxf3 Kb6 61. Re3 e4 62. Rxe4 Ka5 63. Re5+ Kb6 64. b4 h5 65. gxh5 gxh5 66. Rxh5 Ka6 67. Rb5 Ka7 68. h4 Ka6 69. h5 Ka7 70. h6 Ka8 71. h7 Ka7 72. h8Q Ka6 73. Qa8# 1-0